USSR Leaders - Statistics

General Stats
  • This quiz has been taken 1,664 times
  • The average score is 5 of 9
Answer Stats
Hint Answer % Correct
mid 1920's-1953 Joseph Stalin
99%
1922-1924 Vladimir Lenin
93%
1985-1991 Mikhail Gorbachev
84%
1964-1982 Leonid Brezhnev
68%
1955-1964 Nikita Khrushchev
60%
1982-1984 Yuri Andropov
51%
1984-1985 Konstantin Chernenko
39%
1953-1955 Georgy Malenkov
29%
1924-mid 1920's Alexei Rykov
6%
No matching quizzes found
Score Distribution
Percent of People with Each Score
Percentile by Number Answered
Your Score History
You have not taken this quiz